| 000 | 00730nab a2200229u 4500 | ||
|---|---|---|---|
| 001 | 09292 | ||
| 003 | HDC | ||
| 007 | c| |||a|c|aaaa | ||
| 008 | 210131b20140923at ||||| |||| 00| 0 may d | ||
| 040 | _aHDC | ||
| 245 | 0 | _aFirma Malaysia jana jualan RM57j di Fine Food Australia | |
| 336 |
_atext _2rdacontent |
||
| 337 |
_acomputer _2rdamedia |
||
| 338 |
_aonline resource _2rdacarrier |
||
| 650 |
_aFine Food Australia _99625 |
||
| 650 |
_aMalaysia Firm _99624 |
||
| 710 | _aUtusan Malaysia | ||
| 856 | _zRequest full-text at [email protected] | ||
| 942 | _2lcc | ||
| 942 | _cNEWS | ||
| 942 | _kNWSC 001577 | ||
| 999 |
_c6615 _d6615 |
||